[Event "Challenge"]
[Site "http://www.queenalice.com/game.php?id=761417"]
[Date "2010.4.15"]
[Round "-"]
[White "Tah"]
[Black "FranzMeM"]
[Result "0-1"]
[WhiteElo "1076"]
[BlackElo "1436"]

1. f4 e6 2. e3 Nf6 3. Nf3 d5 4. b4 Bxb4 5. Bb2 O-O 6. Nd4 Bd7 7. Bd3 Bd6 8. g3
e5 9. Nf3 exf4 10. gxf4 Bg4 11. Rf1 Re8 12. Nc3 Bxf4 13. Be2 Bxh2 14. Nxh2 Bxe2
15. Qxe2 d4 16. Nb5 Nc6 17. Nf3 Nb4 18. Nfxd4 Ne4 19. c3 Ng3 20. Qf2 Nxf1 21.
cxb4 a6 22. Qxf1 axb5 23. Nc2 g6 24. Na3 Qh4+ 25. Kd1 Qxb4 26. Rb1 Rxa3 27. Qf6
Qf8 28. Bd4 Ra6 29. Qf4 Rxa2 30. Qxc7 Re7 31. Qd6 Ra6 32. Bb6 h5 33. Rxb5 h4 34.
Rb4 g5 35. Qd5 Ra1+ 36. Kc2 Rg1 37. Bc7 Rxc7+ 38. Kb2 Qxb4+ 39. Ka2 Qa4+ 40. Kb2
Rc2# 0-1

[Event "Challenge"]
[Site "http://www.queenalice.com/game.php?id=761655"]
[Date "2010.4.15"]
[Round "-"]
[White "Tah"]
[Black "Phantom"]
[Result "1-0"]
[WhiteElo "1067"]
[BlackElo "1100"]

1. f4 d5 2. a4 Bf5 3. e3 Qd6 4. Ne2 Bg4 5. g3 Nf6 6. Nbc3 Nc6 7. h3 Bf5 8. g4
Be4 9. Rg1 Nb4 10. d3 Bf3 11. g5 Nh5 12. Nb5 Qc6 13. c3 Na6 14. Qd2 Qd7 15. h4
Qh3 16. Bxh3 e6 17. Ned4 c6 18. Na3 Nc5 19. Rf1 Nb3 20. Nxb3 1-0

[Event "Challenge"]
[Site "http://www.queenalice.com/game.php?id=761868"]
[Date "2010.4.16"]
[Round "-"]
[White "FranzMeM"]
[Black "Tah"]
[Result "1-0"]
[WhiteElo "1447"]
[BlackElo "1069"]

1. e4 c5 2. Nc3 d6 3. Nf3 e5 4. d3 a5 5. a4 Be6 6. Be2 Nh6 7. Bg5 f6 8. Bxh6
gxh6 9. O-O Nc6 10. Nd5 Rg8 11. g3 f5 12. Nd2 Bf7 13. Bh5 Bxh5 14. Qxh5+ Rg6 15.
Qxf5 Nd4 16. Qh5 b6 17. c3 Rc8 18. cxd4 cxd4 19. Nf3 Rc2 20. Nh4 Kd7 21. Qf5+
Kc6 22. Nxg6 hxg6 23. Qxg6 Rxb2 24. Rab1 Rd2 25. Rxb6+ Kc5 26. Rc1+ Rc2 27.
Rxc2# 1-0

[Event "Let's Play Chess!"]
[Site "http://www.queenalice.com/game.php?id=762238"]
[Date "2010.4.17"]
[Round "-"]
[White "Tah"]
[Black "beckhamf2000"]
[Result "0-1"]
[WhiteElo "1067"]
[BlackElo "2480"]

1. e4 c5 2. Nc3 Nc6 3. Bc4 Nf6 4. Nf3 Nxe4 5. Nxe4 d5 6. Bb3 dxe4 7. Nh4 e5 8.
Qh5 g6 9. Qe2 Qxh4 10. g3 Qf6 11. Qxe4 Bf5 12. Qc4 O-O-O 13. g4 Be6 14. Qc3 Bxb3
15. axb3 Bg7 16. Qxc5 Qd6 17. Qxa7 Nxa7 18. Rxa7 Bh6 19. Rg1 Bxd2+ 20. Bxd2
Qxd2+ 21. Kf1 Qd1+ 22. Kg2 Qxg4+ 23. Kf1 Rd1# 0-1

[Event "Let's Play Chess!"]
[Site "http://www.queenalice.com/game.php?id=762308"]
[Date "2010.4.17"]
[Round "-"]
[White "elche"]
[Black "Tah"]
[Result "1-0"]
[WhiteElo "1659"]
[BlackElo "1103"]

1. e4 c5 2. Nc3 b6 3. g3 e5 4. Bg2 Ba6 5. Nd5 Bb7 6. Ne2 c4 7. Nec3 Bc5 8. O-O
f5 9. d3 Nc6 10. exf5 Nh6 11. Qh5+ g6 12. fxg6 hxg6 13. Qxg6+ Kf8 14. Nf6 Ke7
15. Ncd5+ Ke6 16. Re1 Qb8 17. Nf4+ Kd6 18. Ne4+ Ke7 19. Qf6+ Ke8 20. Nxc5 Ng4
21. Qxh8+ Ke7 22. Qh4+ Nf6 23. Nxb7 Qxb7 24. Nd5+ Ke6 25. Nxf6 Qa6 26. Bxc6 dxc6
27. d4 Kf7 28. dxe5 Re8 29. Nxe8 Qa5 30. Nd6+ Kg6 31. Qh6# 1-0

[Event "Challenge"]
[Site "http://www.queenalice.com/game.php?id=762411"]
[Date "2010.4.17"]
[Round "-"]
[White "GIOLE"]
[Black "Tah"]
[Result "1-0"]
[WhiteElo "2098"]
[BlackElo "1094"]

1. d4 d5 2. c4 c6 3. Nf3 f5 4. e3 g6 5. Nbd2 Be6 6. cxd5 Bxd5 7. Bd3 Nf6 8. O-O
Na6 9. a3 e6 10. Qe2 Bh6 11. Bxa6 bxa6 12. Qxa6 f4 13. Ne5 f3 14. Ndxf3 O-O 15.
Nxc6 Bxc6 16. Qxc6 Rc8 17. Qxe6+ Kg7 18. b4 a6 19. Qxa6 Re8 20. Bb2 Rc2 21. Rab1
1-0

[Event "Challenge"]
[Site "http://www.queenalice.com/game.php?id=762414"]
[Date "2010.4.17"]
[Round "-"]
[White "Tah"]
[Black "FranzMeM"]
[Result "1/2-1/2"]
[WhiteElo "1103"]
[BlackElo "1444"]

1. e4 d5 2. exd5 Qxd5 3. Nf3 Bg4 4. Rg1 e5 5. h3 Bxf3 6. gxf3 g6 7. f4 Qe4+ 8.
Be2 exf4 9. d3 Qe5 10. Rg4 f3 11. Re4 Bb4+ 12. Nd2 Bxd2+ 13. Bxd2 Qxe4 14. dxe4
fxe2 15. Qxe2 Nc6 16. e5 O-O-O 17. b4 Re8 18. b5 Nxe5 19. O-O-O b6 20. Bg5 h5
21. Bf6 Nxf6 22. Qd2 Nf3 23. Qd3 Ne5 24. Qd2 Rd8 25. Qg5 Nh7 26. Qxe5 Rxd1+ 27.
Kxd1 f6 28. Qe7 Rd8+ 29. Kc1 Rd7 30. Qe8+ Rd8 31. Qxg6 Rh8 32. Qxh5 Kd7 33. Qd5+
Kc8 34. f4 Kb8 35. Qd7 a5 36. Qg7 Rf8 37. Qxh7 f5 38. Qg7 Rc8 39. Qg6 Rf8 40.
Qe6 Kb7 41. c4 Kb8 42. c5 bxc5 43. Qa6 Re8 44. Qxa5 Re4 45. Qa6 Rxf4 46. a4 Rf1+
47. Kc2 f4 48. Qe6 f3 49. a5 f2 50. b6 Rc1+ 51. Kxc1 f1=Q+ 52. Kc2 Qg2+ 53. Kd1
Qf1+ 54. Kd2 Qf2+ 55. Kd1 Qf1+ 56. Kd2 Qf2+ 57. Kd1 Qf1+ 58. Kc2 Qf2+ 59. Kd1
1/2-1/2

[Event "Challenge"]
[Site "http://www.queenalice.com/game.php?id=762753"]
[Date "2010.4.18"]
[Round "-"]
[White "Tah"]
[Black "TriGuy"]
[Result "0-1"]
[WhiteElo "1103"]
[BlackElo "1500"]

1. e4 e6 2. Nf3 d5 3. exd5 exd5 4. Ng5 Qxg5 5. d3 Qe5+ 6. Be3 d4 7. Qe2 dxe3 8.
fxe3 Nf6 9. d4 Qa5+ 10. Nc3 Bb4 11. Qd2 Ne4 12. Qd3 Nxc3 13. a3 Nd5+ 14. axb4
Qxb4+ 15. c3 Qxb2 16. Ra5 Qxc3+ 17. Kf2 Qxd3 18. Bxd3 c6 19. e4 Nf4 20. Bc4 O-O
21. Rf5 Ne6 22. d5 cxd5 23. exd5 Nc5 24. Rh5 Bg4 25. Rh4 Bf5 26. Rh5 Bd3 27. Ba2
Nbd7 28. d6 Rfe8 29. g4 Re2+ 30. Kf1 Rxa2+ 31. Ke1 Re8+ 32. Kd1 Ree2 33. g5 Ra1#
0-1

[Event "Challenge"]
[Site "http://www.queenalice.com/game.php?id=763662"]
[Date "2010.4.20"]
[Round "-"]
[White "FranzMeM"]
[Black "Tah"]
[Result "1-0"]
[WhiteElo "1424"]
[BlackElo "1126"]

1. e4 e5 2. Nf3 g5 3. d4 g4 4. Nxe5 d6 5. Nxg4 Bg7 6. Be3 Nc6 7. Be2 Qe7 8. O-O
Na5 9. c3 f6 10. b4 Nc6 11. Bb5 Qxe4 12. Nd2 Qd3 13. d5 Qxd5 14. c4 Qe6 15. f3
a6 16. Bxc6+ bxc6 17. Bd4 h5 18. Re1 hxg4 19. Rxe6+ Bxe6 20. Qe2 Kd7 21. fxg4
Nh6 22. Re1 Nxg4 23. Qxe6+ Kd8 24. Qxg4 Bh6 25. Bxf6# 1-0

[Event "Challenge"]
[Site "http://www.queenalice.com/game.php?id=767530"]
[Date "2010.4.28"]
[Round "-"]
[White "Ludi"]
[Black "Tah"]
[Result "1-0"]
[WhiteElo "1167"]
[BlackElo "1092"]

1. d4 e6 2. Nf3 d5 3. Bf4 f6 4. Nc3 g5 5. Bg3 c6 6. Bxb8 Rxb8 7. Qd3 Qa5 8. e3
Nh6 9. a3 g4 10. b4 Qb6 11. Na4 1-0

[Event "Challenge"]
[Site "http://www.queenalice.com/game.php?id=767961"]
[Date "2010.4.29"]
[Round "-"]
[White "Tah"]
[Black "FranzMeM"]
[Result "0-1"]
[WhiteElo "1120"]
[BlackElo "1442"]

1. d4 d5 2. Nc3 Nf6 3. e3 Nc6 4. Nf3 Bf5 5. Ng5 Nb4 6. e4 dxe4 7. a3 e3 8. fxe3
Nxc2+ 9. Ke2 Bg4+ 10. Nf3 Bxf3+ 11. gxf3 Nxa1 12. Qa4+ c6 13. Qb4 b5 14. h4 Nc2
15. Qb3 b4 16. axb4 Nxb4 17. Qxb4 e6 18. Qb7 Rc8 19. Qxa7 Nd5 20. Ne4 h6 21. Bh3
Ra8 22. Qc5 Bxc5 23. dxc5 Qxh4 24. Nd6+ Kf8 25. b3 Nc3+ 26. Kd2 Qb4 27. f4 Ra2+
28. Kd3 Qxb3 29. Bg4 Qc2+ 30. Kc4 Ne4+ 31. Kb4 Qa4# 0-1